La increíble historia de la niñapájaro y el niño terrible (Registro nro. 67779)
[ vista simple ]
| 000 -LÍDER | |
|---|---|
| Campo fijo de descripción fija | 01361nam a22002777i 4500 |
| 001 - NÚMERO DE CONTROL | |
| Campo de control | BINCO |
| 003 - IDENTIFICADOR DEL NÚMERO DE CONTROL | |
| Campo de control | CO-MdBIC |
| 005 - FECHA Y HORA DE LA ULTIMA TRANSACCIÓN | |
| control field | 20240601214330.0 |
| 008 - ELEMENTOS DE LONGITUD FIJA -- INFORMACIÓN GENERAL | |
| Campo fijo de descripción fija -- Información general | 220423t2008 a|||| |||| 00| 0 spa d |
| 020 ## - NÚMERO INTERNACIONAL NORMALIZADO PARA LIBROS | |
| Número Internacional Normalizado del libro | 9788496788398 |
| 040 ## - FUENTE DE CATALOGACIÓN | |
| Agencia de catalogación original | CO-MdBIC |
| Idioma de catalogación | spa. |
| Agencia que realiza la transcripción | CO-MdBIC |
| Agencia que realiza la modificación | CO-MdBIC |
| 041 ## - CÓDIGO DE IDIOMA | |
| Código de idioma para texto/pista de sonido o título separado | spa |
| 082 ## - NÚMERO DE CLASIFICACIÓN DECIMAL DEWEY | |
| Número de la edición del Dewey | 23 |
| Número de clasificación | 840.8 |
| Clave de autor-Numero de item | C346 |
| 100 ## - ASIENTO PRINCIPAL--NOMBRE PERSONAL | |
| Nombre personal | Castagnoli, Ana, |
| Título de una obra | autor |
| 245 #3 - TÍTULO | |
| Título del Material | La increíble historia de la niñapájaro y el niño terrible |
| Mención de responsabilidad, etc. | / Ana Castagnoli ; ilustrado por Susanne Janssen ; traducido por Antom Fortes Torres |
| 260 1# - PUBLICACIÓN, DISTRIBUCIÓN, ETC. (PIE DE IMPRENTA) | |
| Lugar de publicación, distribución, etc. | España : |
| Nombre del editor, distribuidor, etc. | OQO, |
| Fecha de publicación, distribución, etc. | [2008] |
| 264 ## - PRODUCCIÓN, PUBLICACIÓN, DISTRIBUCIÓN, MANUFACTURA, Y COPYRIGHT | |
| Fecha de producción, publicación, distribución, manufactura, o copyright | © 2008 |
| 300 ## - DESCRIPCIÓN FÍSICA | |
| Extensión | 48 paginas |
| Otros detalles físicos | ; ilustraciones a color |
| Dimensiones | , 25 cm. |
| 490 ## - MENCIÓN DE SERIE | |
| Mención de serie | Colección O |
| 501 ## - NOTA DE “CON” | |
| Nota de Contenido | Aquel niño se pasaba las horas subido a un gran árbol. Su madre le gritaba desde la ventana: ¡eres un niño terrible! Y así, todos los días, de todos los meses del año, hasta que el niño acabó por olvidar su verdadero nombre. Pero en mayo, el niño terrible encontró en la copa del árbol un pequeño huevo. Un libro sin edad, para la reflexión sobre la importancia del afecto y que ayuda a ver detalles inadvertidos que conforman la personalidad de un individuo. |
| 650 #7 - ASIENTO SECUNDARIO DE MATERIA - TERMINO TEMÁTICO | |
| 9 (RLIN) | 100 |
| Término temático o nombre geográfico como elemento de entrada | Educación infantil |
| 650 #7 - ASIENTO SECUNDARIO DE MATERIA - TERMINO TEMÁTICO | |
| Término temático o nombre geográfico como elemento de entrada | Literatura francesa |
| 9 (RLIN) | 2654 |
| 700 ## - ASIENTO SECUNDARIO - NOMBRE PERSONAL | |
| Nombre personal | Janssen, Susanne, |
| Fechas asociadas con el nombre | 1965- |
| Responsabilidad | ilustradora |
| 700 ## - ASIENTO SECUNDARIO - NOMBRE PERSONAL | |
| Nombre personal | Fortes, Antón, |
| Responsabilidad | traductor |
| 942 ## - TIPO DE MATERIAL (KOHA) | |
| Tipo de Item KOHA | Z- Libro General BINCO |
| Estado de Material | Estado de Perdido | Forma de Clasificación | Estado de Dañado | No para Préstamo | Colección | Biblioteca de Origen | Biblioteca Permanente | Fecha de Adquisición | Total de Préstamos | Signatura Topográfica | Código de Barras | Última vez visto | Ejemplar/Existencia | Fecha de Remplazo | Tipo de Material |
|---|---|---|---|---|---|---|---|---|---|---|---|---|---|---|---|
| Dewey Decimal Classification | Colección Escolares | Biblioteca Infantil Comunitaria BINCO | Biblioteca Infantil Comunitaria BINCO | 23/04/2022 | 840.8C346 | B32076 | 23/04/2022 | ej.1 | 23/04/2022 | Z- Libro General BINCO |
